000 00211nam a2200097Ia 4500
008 240331s9999 xx 000 0 und d
082 _bMCG
100 _aMcGrowan, C. C
245 0 _aWalden two :
_bnotes
942 _cL
999 _c3191
_d3191